| 000 | 00684nam a22002177a 4500 | ||
|---|---|---|---|
| 001 | 000718 | ||
| 003 | DO-SdBNP | ||
| 005 | 20180212150943.0 | ||
| 008 | 180212b 2009 sp a |||| 00| 0 spa d | ||
| 020 | _a9788444101637 | ||
| 040 |
_aBPMSU _bspa _cBPMSU |
||
| 100 | 1 | _aLópez Gómez, Luisa M. | |
| 245 | 1 | 0 |
_aLos increibles : _baprendo con la H y la Y / _cLuisa M. López Gómez |
| 260 |
_aLeón, España : _bEverest Internacional, _c2009. |
||
| 300 |
_a31 p. _bil. _c22 cm. |
||
| 490 | 0 |
_aAprendo con las vocales y los fonemas _v14 |
|
| 830 | 0 |
_aAprendo con las vocales y los fonemas _n14 |
|
| 942 |
_2ddc _cBK |
||
| 945 | _aInventariado, 2018/ YL | ||
| 956 |
_aYLOCKWARD _b10 _cBPMSU |
||
| 999 |
_c11996 _d11996 |
||